000 nam a22 7a 4500
999 _c8094
_d8094
008 171128b xxu||||| |||| 00| 0 eng d
100 _aDutta.A.
_94540
245 _aAll about Nutrition
260 _aNew Delhi
_bG.W.